000 00585nam a22001937a 4500
999 _c14493
_d14493
003 AR-CdUCM
008 190423b ||||| |||| 00| 0 spa d
020 _a978-84-9825-754-0
040 _aMUNICIPALIDAD PROVINCIAL DEL CUSCO
_cBIBLIOTECA MUNICIPAL DEL CUSCO
082 _23ed.
_aPI / 376.1 /
_bC73
110 _aCombel
_932671
245 _aMamá y yo /
260 _bCombel,
_c2016
300 _a8 paginas ;
_bIlustraciones en tela,
_c17 cm.
650 _aCuentos de animales
_933214
650 _aJuego para niños (as)
_933298
942 _2ddc
_cLIBROS
945 _awnts
_d2019-04-23